String processing and text manipulation in C : (Record no. 5961)
[ view plain ]
| 000 -LEADER | |
|---|---|
| fixed length control field | 01169nac a22002291u 4500 |
| 010 ## - LIBRARY OF CONGRESS CONTROL NUMBER | |
| LC control number | 94001457 |
| 020 ## - INTERNATIONAL STANDARD BOOK NUMBER | |
| International Standard Book Number | 0131214438 |
| 082 00 - DEWEY DECIMAL CLASSIFICATION NUMBER | |
| Classification number | 005.153 |
| Item number | LIP |
| 090 ## - LOCALLY ASSIGNED LC-TYPE CALL NUMBER (OCLC); LOCAL CALL NUMBER (OCLC) | |
| -- | 5961 |
| -- | 5961 |
| 100 ## - MAIN ENTRY--PERSONAL NAME | |
| Personal name | Lipkin, Bernice Sacks. |
| 245 10 - TITLE STATEMENT | |
| Title | String processing and text manipulation in C : |
| Remainder of title | selected data structures and techniques / |
| Statement of responsibility, etc | Bernice Sacks Lipkin. |
| 260 ## - PUBLICATION, DISTRIBUTION, ETC. (IMPRINT) | |
| Place of publication, distribution, etc | Englewood Cliffs, N.J. : |
| Name of publisher, distributor, etc | PTR Prentice Hall,c1994. |
| Date of publication, distribution, etc | c1994. |
| 300 ## - PHYSICAL DESCRIPTION | |
| Extent | xviii, 446 p. : |
| Other physical details | ill. ; |
| Dimensions | 24 cm. + |
| Accompanying material | 1 computer disk (3 1/2 in.) |
| 440 #0 - | |
| -- | Prentice Hall series on programming tools and methodologies |
| 500 ## - GENERAL NOTE | |
| General note | System requirements for computer disk: IBM-compatible PC with 386 processor; 64 Kb cache memory; DOS 5; 640K and 16M extended memory; 200M hard disk and a 387 floating pointing processor; Microsoft C Compiler 5.1; ANSI C 7. |
| 500 ## - GENERAL NOTE | |
| General note | Includes index. |
| 500 ## - GENERAL NOTE | |
| General note | "Listings to accompany String processing and text manipultaion in C: selected data structures and techniques"--Disk label. |
| 500 ## - GENERAL NOTE | |
| General note | Distributer : Al-Ahram. |
| 511 ## - PARTICIPANT OR PERFORMER NOTE | |
| Participant or performer note | Catalogued By: Mahitab. |
| 650 #0 - SUBJECT ADDED ENTRY--TOPICAL TERM | |
| Topical term or geographic name as entry element | C (Computer program language) |
| 942 ## - ADDED ENTRY ELEMENTS (KOHA) | |
| Item type | Book - Borrowing |
| Call number prefix | 005.153LIP |
| Withdrawn status | Item status | Damaged status | Not for loan | Home library | Current library | Shelving location | Date acquired | Source of acquisition | Total Checkouts | Full call number | Barcode | Date last seen | Koha item type |
|---|---|---|---|---|---|---|---|---|---|---|---|---|---|
| Central Library | Central Library | Lower Floor | 07/11/2011 | Purchase | 005.153LIP | 000006981 | 15/07/2025 | Book - Borrowing |